Real Dogs: Sudden Death - Statistics

General Stats
  • This quiz has been taken 65 times
  • The average score is 4 of 10
Answers on the Grid
Answers color-coded by a green-red scale on the quiz's grid according to % correct below.
Pitbull
Xoloitzcuintli
Franzensein
Brussels Griffon
Maltese Matador
Hunderear
Azawakh
Turkish Pointer
Puli
Shamerock Shamer
Rarendor
Komondor
Multi-Stripe Labrador
Babelonely
Bergamasco Sheperd
Polish Gophunter
Zilocolic Pointer
Malitociol
Bedlington Terrier
Norwegian Lundehund
 
Answer Stats
Answer % Correct
Pitbull
96%
Bedlington Terrier
53%
Xoloitzcuintli
38%
Brussels Griffon
34%
Norwegian Lundehund
34%
Turkish Pointer
34%
Bergamasco Sheperd
28%
Puli
28%
Komondor
23%
Azawakh
11%
No matching quizzes found
Score Distribution
Percent of People with Each Score
Percentile by Number Answered
Your Score History
You have not taken this quiz